1981 1753 1221 1962 1912 1360 1578 1243 1224 1446 1618 1788 1274 1052 1535 1876 1716 1848 1595 1139 1846 1309 1607 1455 1217 1560 1459 1644 1767 1131 1044 1818 1635 1698 1474 1737 1336 1743 1597 1773 1100 1649 1681 1293 1990 1749 1432 1794 1232 1297 1327 1025 1078 1606 1968 1490 1712 1627 1432 1839 1345 1454 1155 1845 1739 1093 1175 1729 1889 1930 1714 1923 1559 1818 1470 1411 1245 1593 1112 1787 1579 1917 2000 1007 1982 1744 1356 1121 1216 1906 1595 1502 1181 1240 1532 1145 1907 1864 1709 BCNSPRNW ULIB Ver.6.0+V

เปลี่ยนเป็นภาษาไทย

Change to English
 แสดงรายละเอียดบรรณานุกรม
  กลับหน้าหลัก

Brief Record : Get Marc (ISO 2709) : E-mail record : QR code < ปิดหน้าต่าง
LEADER : 00000nam 2200000uu 4500
001    13399123311
003     ULIB
008    140820s||||||||th 000 0 tha d
245 00 การศึกษาและเปรียบเทียบ การปรับตัวทางสังคม
945    ^p0^l0^i008965
999    ^aเกษร โพธิ์สุวรรณ
รายการนี้ยังไม่มีแท็ก
คุณยังไม่ได้ล็อกอิน คุณสามารถมีกิจกรรมร่วมกับเว็บไซต์ได้ แต่ต้องล็อกอินก่อน ::
  ล็อกอิน

รายการสื่อสารสนเทศ

ลำดับที่ ประเภท เลขเรียก/บาร์โค้ด สถานที่ สถานะ
1. งานวิจัย
งานวิจัย
 ฉ.1 
  Barcode: 008965
ห้องสมุดวิทยาเขตสวรรค์ประชารักษ์
►วิจัย
บนชั้น

BibComment


ยังไม่เคยถูกคอมเมนท์

คอมเมนท์ทรัพยากรรายการนี้
  คอมเมนท์: การศึกษาและเปรียบ..


 Copyright 2026. Bcnsprnw @Library